Tout les morceaux d'Orelsan - Statistiques

Statistiques générales
  • Ce quiz a été pris 85 fois
  • Le résultat moyen est 57 sur 124
Statistiques - réponses
Perdu d'avance % Correct
ft.Stromae La pluie
85%
Civilisation
80%
Le chant des sirènes
78%
Perdu D'avance
78%
Défaite de famille
76%
ft.Gringe Ils sont cools
76%
ft.Ibeyi Notes pour trop tard
76%
ft.Damso Rêves bizarres
73%
Changement
71%
ft.Thomas Bangalter Yoroï
71%
Boss
68%
San
68%
Basique
66%
Bébéboa
66%
ft.GIMS Christophe
66%
La petite voix
66%
La terre est ronde
66%
L'odeur de l'essence
66%
Paradis
66%
ft.Gringe Casseurs Flowters Infinity
63%
ft.Angèle CP_009_Evidemment
63%
La fête est finie
63%
ft.SDM Soleil levant
63%
Ailleurs
61%
Les monstres
61%
ft.Lilas Plus rien
61%
Tout va bien
61%
Athéna
59%
Courez Courez
59%
Dans quelques mois
59%
ft.Yamê Encore une fois
59%
Jimmy Punchline
59%
Le pacte
59%
Raelsan
59%
ft.The Neptunes Dernier verre
56%
ft.Skread Ensemble
56%
Epiphanie
56%
Inachevés
56%
Jour meilleur
56%
La Quête
56%
Manifeste
56%
SAMA
56%
ft.Nekfeu, Dizzee Rascal Zone
56%
15h02 - Regarde comme il fait beau (dehors)
54%
Epilogue
54%
Seul avec du monde autour
54%
Shonen
54%
Bonne meuf
51%
Deux et demi
51%
Différent
51%
Du propre
51%
Internet
51%
Pour Le Pire
51%
2010
49%
A l'heure où je me couche
49%
Etoiles invisibles
49%
Si Seul
49%
Suicide social
49%
CP_002_Les aventures de MiniSan
46%
No Life
46%
Osaka
46%
ft.Ron Thal Peur De L'échec
46%
Soirée Ratée
46%
01h16 - Les putes et moi
44%
1990
44%
50 Pourcents
44%
Dans ma ville, on traîne
44%
La famille, la famille
44%
ft.FIFTY FIFTY Oulalalala
44%
Plus rien ne m'étonne
44%
Rêve mieux
44%
Tellement d'amis
44%
06h16 - Des histoires à raconter
41%
Baise le monde
41%
Double vie
41%
ft.Gringe Entre Bien Et Mal
41%
Finir mal
41%
19h26 - La mort du disque
39%
La lumière
39%
La petite marchande de porte-clefs
39%
16h22 - Deux connards dans un abribus
37%
Adieu les filles
37%
Fantômes
37%
Gros Poissons Dans Une Petite Mare
37%
J'essaye, j'essaye
37%
Logo Dans Le Ciel
37%
Mes grands-parents
37%
18h30 - Bloqué
34%
22h31 - Fais les backs
34%
CP_004_Juste un dernier
34%
CP_006_Ah la France
34%
Elle viendra quand même
34%
Si facile
34%
01h47 - Change de pote
32%
CP_005_Ok... Super...
32%
CP_010_On a gagné
32%
Discipline
32%
La morale
32%
Mauvaise idée
32%
Quand est-ce que ça s'arrête
29%
Sous influence (bonus track)
29%
CP_001_Intro Civilisation Perdue
27%
CP_007_Point de rupture
27%
CP_008_Nous contre le monde
27%
Quand ton père t'engueule
27%
14h58 - Casseurs Flowters Opening
24%
Des trous dans la tête
24%
Wondercash
24%
15h45 - Stupide ¡ Stupide ¡ Stupide ¡
22%
17h04 - Prends des pièces
22%
Pas n'importe quel toon
22%
ft.Eugy Official & Kojo Funds Tout va bien (Remix)
22%
Vizioz (Titre Bonus)
22%
03h53 - Manger c'est tricher
20%
Freestyle Radio Phoenix
20%
ft.Cordae Tout ce que je sais
20%
04h41 - Greenje et Orselane
17%
CP_003_Toujours perdu quand même
17%
Dis-moi
17%
Excuses ou mensonges
17%
20h08 - Dans la place pour être
15%
20h13 - La nouvelle paire
15%
C'est toujours 2 connards dans un abribus
12%
En boucle
12%
Aucun quiz correspondant
Distribution des résultats
% des personnes avec chaque résultat
Percentile par nombre de réponses
Votre historique - résultats
Vous n’avez pas pris ce quiz